| 000 | 00393nam a2200121Ia 4500 | ||
|---|---|---|---|
| 008 | 210430s9999 xx 000 0 und d | ||
| 082 | _a370.1 K451E | ||
| 100 |
_aKhan Hameed Ahmed _954831 |
||
| 245 |
_aEducation,Science And Technology In Developing Countries: some thoughts and recollections / _cKhan Hameed Ahmed |
||
| 260 |
_c2004 _aIslamabad _bCOMSATS |
||
| 300 | _a198p. | ||
| 942 |
_cBK _2ddc |
||
| 999 |
_c565595 _d565595 |
||